00000000nam##2200000za#4500
0019.693369
003CaOODSP
00520210624233632
007cr |||||||||||
008150407|2010||||xxc|||||o    f|0| 0 eng|d
020 |a978-1-100-15638-5
040 |aCaOODSP|beng
043 |an-cn---
0861 |aCP32-92/2-2010E-PDF
1101 |aCanada.|bPrivy Council.
24510|aCommission of Inquiry into Certain Allegations Respecting Business and Financial Dealings Between Karlheinz Schreiber and the Right Honourable Brian Mulroney - report / |h[electronic resource]|cThe Honourable Jeffrey J. Oliphant, Commissioner.
260 |aOttawa - Ontario : |bPrivy Council |cc2010.
300 |aIn two Adobe files (420p., 396p.)|bfigs., tables
590 |a10-22|b2010-06-04
77508|tCommission d'enquête concernant les allégations au sujet des transactions financières et commerciales entre Karlheinz Schreiber et le Très Honorable Brian Mulroney - rapport / |w(CaOODSP)9.637544
7760#|tCommission of Inquiry into Certain Allegations Respecting Business and Financial Dealings Between Karlheinz Schreiber and the Right Honourable Brian Mulroney - report / |w(CaOODSP)9.651974
85640|ahttp://publications.gc.ca|qPDF|s14,785 KB|uhttps://publications.gc.ca/collections/collection_2010/bcp-pco/CP32-92-2-2010-2-eng.pdf
85640|ahttp://publications.gc.ca|qPDF|s4758 KB|uhttps://publications.gc.ca/collections/collection_2010/bcp-pco/CP32-92-2-2010-1-eng.pdf